Steelmaking for steel founders : electric arc furnace practice /

Bibliographic Details
Main Author: Holt, J.
Other Authors: Hubbard, Maurice Walter, Jackson, W. J.
Format: Book
Language:English
Published: Sheffield, [England] : Steel Castings Research and Trade Association, 1973
Series:Monograph (Steel Castings Research and Trade Association) ; 2.
Subjects:

MARC

Tag First Indicator Second Indicator Subfields
LEADER 00000cam a2200000 a 4500
001 in00000070689
005 20151008061848.0
008 760622s1973 enka b 00010 eng d
035 |a (OCoLC)02273528 
035 |9 AAJ9002AM 
040 |a DXU  |c DXU  |d m.c.  |d TXA  |d UtOrBLW 
049 |a TXAM  |c [1481181] 
090 |a TK4661  |b .H65 1974 
100 1 |a Holt, J. 
245 1 0 |a Steelmaking for steel founders :  |b electric arc furnace practice /  |c by J. Holt, M.W. Hubbard and W.J. Jackson. 
264 1 |a Sheffield, [England] :  |b Steel Castings Research and Trade Association,  |c 1973 
264 3 |c 1974 printing 
300 |a 51 pages :  |b illustrations ;  |c 21 cm. 
336 |a text  |b txt  |2 rdacontent 
337 |a unmediated  |b n  |2 rdamedia 
338 |a volume  |b nc  |2 rdacarrier 
490 1 |a Monograph / Steel Castings Research and Trade Association. ;  |v 2 
500 |a Cover title. 
504 |a Includes bibliographical references. 
650 0 |a Electric furnaces  |x Design and construction. 
700 1 |a Hubbard, Maurice Walter. 
700 1 |a Jackson, W. J. 
740 0 |a Electric arc furnace practice. 
830 0 |a Monograph (Steel Castings Research and Trade Association) ;  |v 2. 
999 |a MARS 
999 f f |s d9be11a2-c22f-30e6-bea8-710821c20283  |i 15fd63d4-d3cd-3394-9309-0de50f0c9e40  |t 0 
952 f f |p normal  |a Texas A&M University  |b College Station  |c Sterling C. Evans Library  |d Evans: Library Stacks  |t 0  |e TK4661 .H65 1974  |h Library of Congress classification  |i unmediated -- volume  |m A14806251119 
998 f f |a TK4661 .H65 1974  |t 0  |l Evans: Library Stacks